[Event "ch-European Rapid 2013"]
[Site "Warsaw POL"]
[Date "2013.12.15"]
[Round "9.27"]
[White "Dourerassou, Jonathan"]
[Black "Bartel, Michal"]
[Result "0-1"]
[WhiteTitle "IM"]
[BlackTitle "FM"]
[WhiteElo "2485"]
[BlackElo "2316"]
[WhiteFideId "628050"]
[BlackFideId "1119257"]
[EventDate "2013.12.14"]

1. e4 e5 2. Nf3 Nc6 3. Bb5 a6 4. Ba4 Nge7 5. Qe2 g6 6. d3 Bg7 7. c3 d6 8. Bg5 h6
9. Bd2 O-O 10. Na3 b5 11. Bb3 Na5 12. Bd1 c5 13. b4 Nac6 14. Bb3 Bg4 15. Nc2 a5
16. O-O cxb4 17. Ne3 Bxf3 18. Qxf3 bxc3 19. Bxc3 b4 20. Bb2 a4 21. Bc4 a3 22.
Bc1 Nd4 23. Qh3 Kh7 24. Bd2 Rb8 25. Rab1 Ne2+ 26. Kh1 Nf4 27. Qf3 f5 28. exf5 d5
29. Bb3 d4 30. Nc2 Rxf5 31. Qe4 Nfd5 32. Rbe1 Qd6 33. Qh4 Rh5 34. Qe4 Rf8 35. g3
Rhf5 36. Kg2 Nc3 37. Qb7 Rb8 38. Qa7 Nc8 39. Qa5 e4 40. Bf4 Rxa5 41. Bxd6 Nxd6
42. dxe4 Ndxe4 43. f3 Nc5 44. Bc4 d3 45. Ne3 d2 46. Ra1 Re8 47. Nd1 N5a4 48. Rf2
Ne4 49. fxe4 Bxa1 50. Rxd2 Rxe4 51. Bb3 Nc5 52. Bd5 Re7 53. Bc4 Bg7 54. Rd8 h5
55. Nf2 b3 56. Nh3 Ne6 57. Rb8 b2 58. Rb6 Bh6 59. g4 hxg4 60. Nf2 Be3 0-1

[Event "ch-European Rapid 2013"]
[Site "Warsaw POL"]
[Date "2013.12.15"]
[Round "9.28"]
[White "Leniart, Arkadiusz"]
[Black "Lissang, Christopher"]
[Result "1-0"]
[WhiteTitle "IM"]
[WhiteElo "2472"]
[BlackElo "2240"]
[WhiteFideId "1124226"]
[BlackFideId "1709615"]
[EventDate "2013.12.14"]

1. d4 Nf6 2. c4 e6 3. Nf3 Bb4+ 4. Bd2 c5 5. e3 O-O 6. Bd3 d6 7. O-O Bxd2 8. Qxd2
Nc6 9. Nc3 e5 10. d5 Ne7 11. Qc2 g6 12. Nd2 Nh5 13. Be2 Ng7 14. a3 g5 15. b4 b6
16. bxc5 bxc5 17. Rab1 f5 18. f4 exf4 19. exf4 gxf4 20. Rxf4 Ng6 21. Rf2 f4 22.
Bd3 Nf5 23. Nf3 Ne3 24. Qa4 Bg4 25. Rb7 Bxf3 26. Rxf3 Qf6 27. Qd7 Rf7 28. Qxf7+
Qxf7 29. Rxf7 Kxf7 30. Ne2 Kg7 31. Nxf4 Nxf4 32. Rxf4 Rb8 33. Re4 Nd1 34. Re7+
Kf6 35. Re6+ Kg5 36. g3 Nb2 37. Be2 Rb6 38. Kf2 Ra6 39. h4+ Kf5 40. g4+ Kf4 41.
Rf6+ Ke5 42. Rf5+ Kd4 43. Rf3 Ra4 44. g5 Nxc4 45. Rf4+ Kxd5 46. Rxc4 Rxa3 47. h5
Ke5 48. Rg4 Ra6 1-0

[Event "ch-European Rapid 2013"]
[Site "Warsaw POL"]
[Date "2013.12.15"]
[Round "9.29"]
[White "Swicarz, Maciej"]
[Black "Dragun, Kamil"]
[Result "0-1"]
[BlackTitle "GM"]
[WhiteElo "2276"]
[BlackElo "2530"]
[WhiteFideId "1113585"]
[BlackFideId "1134167"]
[EventDate "2013.12.14"]

1. e4 c5 2. Nf3 d6 3. d4 cxd4 4. Qxd4 a6 5. c4 Nc6 6. Qd2 g6 7. Nc3 Bg7 8. Bd3
Bg4 9. Qf4 Nf6 10. h3 Bxf3 11. Qxf3 Ne5 12. Qe2 Rc8 13. Bd2 O-O 14. Rc1 e6 15.
O-O Nfd7 16. b3 Nxd3 17. Qxd3 Ne5 18. Qe2 Qe7 19. Kh1 Rfd8 20. f4 Nc6 21. Rce1
Qd7 22. Na4 Rb8 23. f5 b5 24. cxb5 axb5 25. fxe6 fxe6 26. Nc3 b4 27. Na4 Ne5 28.
Bg5 Rdc8 29. Rd1 Rc6 30. Rd2 Qc7 31. Rfd1 Nf7 32. Bf4 Be5 33. Bxe5 Nxe5 34. Nb2
Nf7 35. Nc4 Rd8 36. Qg4 Qe7 37. Na5 Ra6 38. Nc4 Rda8 39. Qe2 Kg7 40. Qf2 Rc6 41.
Qd4+ Kg8 42. Nb6 Rb8 43. Nc4 Rd8 44. Na5 Ra6 45. Qxb4 Qa7 46. Nc4 Rxa2 47. Nxd6
Rxd2 48. Qxd2 Rxd6 49. Qc2 Rxd1+ 50. Qxd1 Qc5 51. Qd3 Qb4 52. Kh2 Kg7 53. Kh1 h5
54. Qe3 Nd6 0-1

[Event "ch-European Rapid 2013"]
[Site "Warsaw POL"]
[Date "2013.12.15"]
[Round "9.31"]
[White "Rindlisbacher, Jan"]
[Black "Duda, Jan-Krzysztof"]
[Result "0-1"]
[BlackTitle "GM"]
[WhiteElo "2235"]
[BlackElo "2557"]
[WhiteFideId "1304160"]
[BlackFideId "1170546"]
[EventDate "2013.12.14"]

1. d4 Nf6 2. c4 e6 3. Nf3 b6 4. g3 Bb7 5. Bg2 Be7 6. O-O O-O 7. Nc3 Ne4 8. Nxe4
Bxe4 9. Ne1 Bxg2 10. Nxg2 d6 11. e4 Nd7 12. Be3 Qc8 13. f4 Qb7 14. Qc2 Nf6 15.
d5 c5 16. e5 Ng4 17. exd6 Bf6 18. Kh1 exd5 19. cxd5 Nxe3 20. Nxe3 Bd4 21. Qd3
Bxe3 22. Qxe3 Qxd5+ 23. Qf3 Qxd6 24. Rad1 Qf6 25. Rd2 Rad8 26. Rfd1 Rxd2 27.
Rxd2 Re8 28. Kg2 g6 29. Kf2 Qe6 30. Re2 Qxe2+ 31. Qxe2 Rxe2+ 32. Kxe2 b5 33. Kd3
f5 0-1

[Event "ch-European Rapid 2013"]
[Site "Warsaw POL"]
[Date "2013.12.15"]
[Round "9.32"]
[White "Jarmula, Lukasz"]
[Black "Kuzmicz, Krystian"]
[Result "1/2-1/2"]
[BlackTitle "IM"]
[WhiteElo "2213"]
[BlackElo "2451"]
[WhiteFideId "1160664"]
[BlackFideId "1119125"]
[EventDate "2013.12.14"]

1. e4 g6 2. d4 Bg7 3. Nc3 d5 4. exd5 Nf6 5. Nf3 Nxd5 6. Bc4 c6 7. O-O Bg4 8. h3
Bxf3 9. Qxf3 e6 10. Ne4 h6 11. c3 O-O 12. Qg3 Nd7 13. Bd3 N7f6 14. Nxf6+ Qxf6
15. Bd2 Rad8 16. Rad1 Rd7 17. Rfe1 Rfd8 18. Bc2 Qe7 19. Qg4 b5 20. Bc1 a5 21.
Rd3 b4 22. Rf3 Nf6 23. Qg3 Nh5 24. Qg4 Nf6 25. Qg3 Kh7 26. Rfe3 Rd6 27. R3e2 Qd7
28. Qf3 Rd5 29. Bf4 bxc3 30. bxc3 c5 31. Be5 Ne8 32. Be4 Nc7 33. Bxd5 Nxd5 34.
Bxg7 Kxg7 35. dxc5 Rc8 36. Rd2 Rxc5 37. Qg4 Qc7 38. Qd4+ Kg8 39. Rd3 Nxc3 40.
Qh4 Ne2+ 41. Kh1 Nf4 42. Qd8+ Qxd8 43. Rxd8+ Kg7 44. Rd4 g5 45. Rd2 Kf6 46. Kh2
Nd5 47. Rb1 h5 48. Rdb2 Rc4 49. Rb3 h4 50. Rf3+ Kg6 51. Rb7 f5 52. Ra3 Rc2 53.
Kg1 Rc1+ 54. Kh2 Rc2 55. Kg1 1/2-1/2

[Event "ch-European Rapid 2013"]
[Site "Warsaw POL"]
[Date "2013.12.15"]
[Round "9.33"]
[White "Zwardon, Vojtech"]
[Black "Ivanov, Vladimir A."]
[Result "1-0"]
[WhiteTitle "IM"]
[WhiteElo "2383"]
[BlackElo "2063"]
[WhiteFideId "325511"]
[BlackFideId "14105250"]
[EventDate "2013.12.14"]

1. c4 e6 2. Nc3 Nf6 3. e4 d6 4. Nf3 c5 5. g3 Nbd7 6. Bg2 a6 7. O-O Qc7 8. b3 Be7
9. Bb2 O-O 10. d4 cxd4 11. Qxd4 Re8 12. Rfd1 Rb8 13. Ba3 Nc5 14. e5 dxe5 15.
Qxe5 Qxe5 16. Nxe5 h6 17. Rd2 Nce4 18. Bxe7 Nxd2 19. Bd6 Ra8 20. Rd1 Rd8 21.
Rxd2 Ne8 22. c5 Bd7 23. Be7 1-0

[Event "ch-European Rapid 2013"]
[Site "Warsaw POL"]
[Date "2013.12.15"]
[Round "9.34"]
[White "Meribanov, Vitaly"]
[Black "Tomczak, Mikolaj"]
[Result "1/2-1/2"]
[WhiteTitle "IM"]
[WhiteElo "2412"]
[BlackElo "2133"]
[WhiteFideId "13504363"]
[BlackFideId "1175114"]
[EventDate "2013.12.14"]

1. e4 c5 2. Nc3 Nc6 3. Nf3 d6 4. d4 cxd4 5. Nxd4 Nf6 6. Bg5 e6 7. Qd2 a6 8.
O-O-O Bd7 9. f3 Be7 10. Be3 h5 11. h3 b5 12. Nxc6 Bxc6 13. Ne2 Rc8 14. Kb1 Nd7
15. Nd4 Bb7 16. Bd3 h4 17. f4 Nc5 18. e5 dxe5 19. fxe5 Nxd3 20. Qxd3 O-O 21. Qe2
Qc7 22. Bf4 Rfd8 23. Rhf1 Qc4 24. Qf2 Be4 25. Be3 Bg6 26. Ka1 Bc5 27. c3 b4 28.
Rc1 Bxd4 29. cxd4 Qd5 30. Qxh4 Qxg2 31. Rg1 Qe2 32. Qf2 Qxf2 33. Bxf2 b3 34.
axb3 Rb8 35. Rg3 Rb5 36. Rc5 Rd5 37. Rxb5 Rxb5 38. Be1 Rd5 39. Bc3 Bf5 1/2-1/2

[Event "ch-European Rapid 2013"]
[Site "Warsaw POL"]
[Date "2013.12.15"]
[Round "9.35"]
[White "Minko, Vladimir"]
[Black "Druska, Juraj"]
[Result "1-0"]
[WhiteTitle "FM"]
[BlackTitle "FM"]
[WhiteElo "2327"]
[BlackElo "2370"]
[WhiteFideId "24146706"]
[BlackFideId "14915650"]
[EventDate "2013.12.14"]

1. d4 Nf6 2. c4 e6 3. Nf3 b6 4. g3 Ba6 5. Qc2 Bb4+ 6. Bd2 Be7 7. Bg2 c6 8. O-O
d5 9. Ne5 Nfd7 10. Nxd7 Nxd7 11. cxd5 cxd5 12. Nc3 O-O 13. Rfc1 Rc8 14. Bf4 b5
15. a3 Qb6 16. Qd2 Rc4 17. e4 dxe4 18. Nxe4 Rfc8 19. Rxc4 Rxc4 20. Be3 Qc7 21.
Nc3 Nb6 22. d5 exd5 23. Bxb6 Qxb6 24. Nxd5 Qd6 25. Nxe7+ Qxe7 26. Re1 Qf8 27.
Qd7 Bc8 28. Qxb5 Be6 29. Qa6 Qb8 30. Bh3 Bd5 31. Qxa7 Qf8 32. Qd7 Bc6 33. Qd3
Bb5 34. Qd5 Rc5 35. Qe4 g6 36. Bg2 Bc6 37. Qb4 Bxg2 38. Kxg2 Qa8+ 39. Qe4 Qa6
40. Rd1 Rf5 41. Rd2 Qf6 42. b4 h5 43. a4 Re5 44. Qa8+ Kg7 45. h4 Re1 46. Qd5 Re5
47. Qd4 Qc6+ 48. Kh2 Qf6 49. b5 Kh7 50. b6 Qf5 51. b7 Re8 52. Qf4 1-0

[Event "ch-European Rapid 2013"]
[Site "Warsaw POL"]
[Date "2013.12.15"]
[Round "9.36"]
[White "Sadzikowski, Daniel"]
[Black "Kossobudzki, Robert"]
[Result "1-0"]
[WhiteTitle "IM"]
[WhiteElo "2470"]
[BlackElo "2065"]
[WhiteFideId "1132253"]
[BlackFideId "1107887"]
[EventDate "2013.12.14"]

1. e4 c5 2. Nf3 a6 3. c4 e6 4. Nc3 Qc7 5. Be2 d6 6. d4 cxd4 7. Nxd4 Nf6 8. O-O
Be7 9. Be3 O-O 10. Qd2 Nbd7 11. f3 b6 12. a4 Bb7 13. a5 bxa5 14. Nb3 a4 15. Nxa4
d5 16. Qa5 Qb8 17. exd5 exd5 18. c5 Re8 19. Qd2 Bc6 20. Bd1 Bb5 21. Re1 Ne5 22.
Bd4 Nc4 23. Qf2 Nd7 24. Bc2 Bf6 25. Nc3 Nxb2 26. Nxd5 Nd3 27. Bxd3 Bxd3 28.
Nxf6+ Nxf6 29. Bxf6 gxf6 30. Rxe8+ Qxe8 31. Qg3+ Bg6 32. Qf4 Qb5 33. Qa4 Rb8 34.
Qxb5 Rxb5 35. Nd4 Rxc5 36. Rxa6 Rd5 37. Ra4 Rc5 38. Kf2 Kg7 39. h4 Rc1 40. Kg3
h6 41. Ne2 Re1 42. Nf4 Rb1 43. Ra6 Rb2 44. Rc6 Ra2 45. Rb6 Ra5 46. Kg4 Bf5+ 47.
Kg3 Bg6 48. Rd6 Re5 49. Kh2 Re1 50. Kg3 Re5 51. Kf2 Bf5 52. Nh5+ Kf8 53. Rxf6
Bd3 54. Rxh6 Re2+ 55. Kg3 Ra2 56. Rh8+ Ke7 57. Nf4 Bf1 58. Rb8 Kf6 59. Rb1 Bc4
60. Rc1 Bb3 61. Rc6+ Kg7 62. Nh5+ Kf8 63. Nf4 Kg7 64. h5 Ra5 65. Kg4 Ra4 66. Kg3
Ra5 67. h6+ Kh7 68. Rf6 Rg5+ 69. Kh4 Rg8 70. g4 Ra8 71. Nh3 Ra1 72. Ng5+ Kg8 73.
Rb6 Rh1+ 74. Kg3 f6 75. Rb8# 1-0

[Event "ch-European Rapid 2013"]
[Site "Warsaw POL"]
[Date "2013.12.15"]
[Round "9.37"]
[White "Gumularz, Szymon"]
[Black "Deszczynski, Adam"]
[Result "0-1"]
[WhiteElo "1929"]
[BlackElo "2341"]
[WhiteFideId "1188062"]
[BlackFideId "1102753"]
[EventDate "2013.12.14"]

1. e4 c5 2. Nf3 Nc6 3. d4 cxd4 4. Nxd4 g6 5. c4 Bg7 6. Be3 Nf6 7. Nc3 Ng4 8.
Qxg4 Nxd4 9. Qd1 Ne6 10. Qd2 d6 11. Be2 Bd7 12. O-O Bc6 13. f3 a5 14. b3 O-O 15.
Rab1 Nc5 16. Rfd1 Re8 17. Nd5 Be5 18. Kh1 e6 19. Nc3 Qh4 20. Bg1 Kh8 21. Bf1 f5
22. exf5 gxf5 23. Ne2 Rg8 24. Nd4 Rg6 25. Nxc6 bxc6 26. Qe1 Bg3 27. Qc3+ e5 28.
h3 Rag8 29. Qe3 Bf4 30. Qf2 Bg3 31. Qe3 Bf4 32. Qf2 Qh6 33. a3 e4 34. fxe4 Nxe4
35. Qb2+ Be5 36. Bd4 Qf4 37. Bxe5+ dxe5 38. Kg1 Qe3+ 39. Kh1 Nf2+ 40. Kh2 Qf4+
41. Kg1 Nxh3+ 42. Kh1 Nf2+ 43. Kg1 Ng4 0-1

[Event "ch-European Rapid 2013"]
[Site "Warsaw POL"]
[Date "2013.12.15"]
[Round "9.38"]
[White "Dziuba, Marcin"]
[Black "Snihur, Piotr"]
[Result "1-0"]
[WhiteTitle "GM"]
[WhiteElo "2576"]
[BlackElo "2133"]
[WhiteFideId "1112953"]
[BlackFideId "1157191"]
[EventDate "2013.12.14"]

1. d4 Nf6 2. c4 c5 3. d5 b5 4. cxb5 a6 5. bxa6 Bxa6 6. g3 d6 7. Bg2 g6 8. Nc3
Bg7 9. Nf3 O-O 10. O-O Nfd7 11. Ne1 Nb6 12. Nc2 N8d7 13. Qe1 Nc4 14. Rb1 Qa5 15.
a3 Bxc3 16. bxc3 Rfb8 17. Rxb8+ Rxb8 18. Ne3 Nxa3 19. Ng4 Nb1 20. Bg5 f6 21. Bd2
Qa2 22. Nh6+ Kf8 23. Be3 Qxe2 24. Qc1 Qb2 25. Qd1 Ne5 26. Re1 Nxc3 27. Qa1 Qxa1
28. Rxa1 Bc4 29. f4 Nd3 30. Ra3 Rb1+ 31. Bf1 Nc1 32. Bxc4 N1e2+ 33. Kf2 Rb2 34.
Bxe2 Nxe2 35. Kf3 Kg7 36. Ng4 h5 37. Nf2 Ng1+ 38. Ke4 f5+ 39. Kd3 Nf3 40. h4
Ne1+ 41. Kc3 Rc2+ 42. Kb3 Re2 43. Nd1 Nf3 44. Kc4 Rg2 45. Bf2 Nd2+ 46. Kd3 Ne4
47. Ke2 Rh2 48. Kf1 Rh1+ 49. Bg1 Rh3 50. Kg2 Rxg3+ 51. Rxg3 Nxg3 52. Kxg3 Kf7
53. Kf3 e6 54. dxe6+ Kxe6 55. Ke3 Kd5 56. Nc3+ Kc4 57. Kd2 d5 58. Na4 d4 59.
Nb6+ 1-0

[Event "ch-European Rapid 2013"]
[Site "Warsaw POL"]
[Date "2013.12.15"]
[Round "9.39"]
[White "Kovalev, Vladislav"]
[Black "Korchmar, Vasiliy"]
[Result "1/2-1/2"]
[WhiteTitle "GM"]
[BlackTitle "FM"]
[WhiteElo "2574"]
[BlackElo "2347"]
[WhiteFideId "13504398"]
[BlackFideId "24131750"]
[EventDate "2013.12.14"]

1. e4 e5 2. Nf3 Nc6 3. Bb5 Nf6 4. d4 exd4 5. O-O Be7 6. e5 Ne4 7. Re1 Nc5 8.
Nxd4 Nxd4 9. Qxd4 O-O 10. Nc3 c6 11. Bc4 d5 12. exd6 Qxd6 13. Qxd6 Bxd6 14. Be3
Be6 15. Bxc5 Bxc5 16. Bxe6 fxe6 17. Ne4 Bb6 18. Kf1 Rad8 19. Ke2 Rf5 20. Rad1
Rxd1 21. Rxd1 Rd5 22. Rd3 Bc7 23. h3 Kf7 24. c4 Rxd3 25. Kxd3 Be5 26. b4 Ke7 27.
a4 h6 28. b5 cxb5 29. cxb5 b6 30. Kc4 Kd7 31. Nd2 Kd6 32. Nf3 Bf6 33. Ne1 Bg5
34. Nc2 Bd2 35. Nd4 Be1 36. f4 Bf2 37. Nc6 a5 38. Ne5 Bg3 39. Nd3 e5 40. fxe5+
Bxe5 41. Nf2 Bf4 42. Ne4+ Ke5 43. Nc3 Be3 44. Nd5 Bc5 45. Nc7 Bf2 46. Nd5 Bc5
47. Nc3 Bd4 48. Nd5 Bc5 49. Nc7 Bf2 50. Nd5 Bc5 51. Nc3 Bd4 52. Ne2 Be3 53. Kd3
Bc5 54. Nc3 Bd4 55. Ne2 Bc5 56. Kc4 Be3 57. Nc3 Bd4 1/2-1/2

[Event "ch-European Rapid 2013"]
[Site "Warsaw POL"]
[Date "2013.12.15"]
[Round "9.40"]
[White "Jaroch, Karol"]
[Black "Drozdowski, Kacper"]
[Result "0-1"]
[BlackTitle "IM"]
[WhiteElo "2247"]
[BlackElo "2463"]
[WhiteFideId "1130609"]
[BlackFideId "1136720"]
[EventDate "2013.12.14"]

1. e4 c5 2. Nc3 e6 3. g3 Nc6 4. Bg2 g6 5. Nge2 Bg7 6. O-O Nge7 7. Nf4 O-O 8. h4
Rb8 9. a4 a6 10. h5 b5 11. hxg6 hxg6 12. axb5 axb5 13. d3 b4 14. Nce2 d5 15. Rb1
Qd6 16. Be3 d4 17. Bd2 e5 18. Nh3 Ba6 19. b3 Na7 20. f4 Bc8 21. Nf2 Nb5 22. Bf3
Nc3 23. Bxc3 dxc3 24. Kg2 Ra8 25. fxe5 Bxe5 26. Rh1 Bg7 27. Qg1 Ra2 28. Qh2 Rd8
29. Rbc1 Nc6 30. Nf4 Nd4 31. Bd1 Bb7 32. Qh7+ Kf8 33. Rf1 g5 34. Ne2 Qh6 35.
Qxh6 Bxh6 36. Nxd4 Rxd4 37. Ng4 Bg7 38. Rf2 Bc8 39. Ne3 Bd7 40. Bh5 Be8 41. Nd5
Ra7 42. Rcf1 Rb7 43. Rf5 c4 44. dxc4 Rd2+ 45. R5f2 Bd4 46. Rxd2 cxd2 47. Rd1 Bc3
48. Kf2 Bc6 49. Nxc3 bxc3 50. Ke3 Rd7 51. Be2 Ke7 52. Bd3 Kd8 53. b4 f5 54. e5
g4 55. Be2 Be4 56. e6 Rd6 57. c5 Rxe6 58. Bc4 Re7 59. Ra1 Bxc2+ 0-1

[Event "ch-European Rapid 2013"]
[Site "Warsaw POL"]
[Date "2013.12.15"]
[Round "9.41"]
[White "Matuszewski, Michal"]
[Black "Piesik, Piotr"]
[Result "0-1"]
[WhiteTitle "IM"]
[WhiteElo "2408"]
[BlackElo "2207"]
[WhiteFideId "1129775"]
[BlackFideId "1136194"]
[EventDate "2013.12.14"]

1. d4 c5 2. d5 e5 3. Nc3 d6 4. e4 Be7 5. Nf3 Bg4 6. g3 a6 7. a4 Nd7 8. Bg2 b6 9.
O-O Bxf3 10. Qxf3 Bg5 11. Qg4 Bxc1 12. Raxc1 g6 13. f4 h5 14. Qf3 h4 15. Nd1 Qe7
16. Ne3 Ra7 17. Nc4 Rb7 18. Rce1 Kd8 19. Re2 hxg3 20. hxg3 Rh5 21. Qd3 Ngf6 22.
fxe5 Nxe5 23. Nxe5 Qxe5 24. Qxa6 Rc7 25. Qa8+ Rc8 26. Qb7 Qd4+ 27. Rff2 Ng4 28.
Qxb6+ Kd7 29. Qb5+ Kd8 30. c3 Qg7 31. Qb6+ Kd7 32. Qb7+ Rc7 33. Qb5+ Kd8 34.
Qb8+ Kd7 35. Bf3 Nxf2 36. Rxf2 Rg5 37. Be2 c4 38. Kg2 f6 39. Qb5+ Kd8 40. Bxc4
Qe7 41. Bd3 Qe5 42. Qb8+ Rc8 43. Qb6+ Rc7 44. Rf3 f5 45. exf5 gxf5 46. Qd4 Qxd4
47. cxd4 Rg4 48. Rxf5 Rxd4 49. Bb5 Rc2+ 50. Kh3 Rxb2 51. Bc6 Rb3 52. Rf8+ Ke7
53. Rg8 Ra3 54. Rg6 Kf7 55. Rxd6 Rdd3 56. Rd7+ Kf6 57. Rd6+ Kg5 58. Bd7 Rxg3+
59. Kh2 Rgd3 60. Bb5 Rd2+ 61. Kg1 Ra1+ 62. Bf1 Rdd1 63. Rd8 Rxf1+ 64. Kg2 Rfc1
65. d6 Rc3 66. Rg8+ Kf6 0-1

[Event "ch-European Rapid 2013"]
[Site "Warsaw POL"]
[Date "2013.12.15"]
[Round "9.42"]
[White "Paprocki, Jaroslaw"]
[Black "Schoorl, Rob"]
[Result "0-1"]
[BlackTitle "FM"]
[WhiteElo "2199"]
[BlackElo "2317"]
[WhiteFideId "1122274"]
[BlackFideId "1009508"]
[EventDate "2013.12.14"]

1. e4 e5 2. Nf3 Nc6 3. Bb5 a6 4. Ba4 Nf6 5. d3 b5 6. Bb3 Be7 7. O-O O-O 8. a4 b4
9. Re1 d6 10. h3 Na5 11. Ba2 c5 12. Nbd2 Be6 13. Nc4 Nc6 14. Ng5 Bc8 15. Ne3 h6
16. Nf3 Be6 17. Nf5 Bxf5 18. exf5 Qc7 19. Be3 d5 20. Qc1 Kh7 21. c3 bxc3 22.
bxc3 e4 23. dxe4 dxe4 24. Bf4 Bd6 25. Bxd6 Qxd6 26. Nd2 Rae8 27. Bb1 Qd5 28. Ba2
Qxf5 29. f3 exf3 30. Nxf3 Kg8 31. Bc4 Na5 32. Rxe8 Rxe8 33. Bxa6 Nb3 34. Qb1 Qe6
35. Ra3 Qe3+ 36. Kh1 Nd2 37. Nxd2 Qxd2 38. Ra1 Ne4 39. Bb5 Nf2+ 40. Kg1 Nxh3+
41. gxh3 Qe3+ 42. Kg2 Qd2+ 43. Kg1 Re3 44. Bf1 Rg3+ 45. Kh1 Qf2 46. Qb8+ Kh7 47.
Qxg3 Qxg3 48. c4 Qc3 49. Ra2 Qf3+ 50. Kg1 Qb3 51. Rf2 Kg8 52. a5 Qa4 53. a6 Qxa6
54. Rf4 g6 55. Bg2 f5 56. Bd5+ Kg7 57. Rf2 Qa1+ 58. Kg2 Qe5 59. Kf3 Qc3+ 60. Kg2
Kf6 61. Re2 f4 62. Re6+ Kf5 63. Rc6 Qg3+ 64. Kf1 Qxh3+ 65. Kg1 Qe3+ 66. Kg2 Qd2+
67. Kf3 Qd3+ 68. Kg2 Qg3+ 69. Kh1 f3 70. Be4+ Kxe4 71. Re6+ Qe5 0-1

[Event "ch-European Rapid 2013"]
[Site "Warsaw POL"]
[Date "2013.12.15"]
[Round "9.43"]
[White "Orndahl, Markus"]
[Black "Nedilko, Vasily"]
[Result "1-0"]
[BlackTitle "IM"]
[WhiteElo "2206"]
[BlackElo "2399"]
[WhiteFideId "1709135"]
[BlackFideId "14101459"]
[EventDate "2013.12.14"]

1. e4 c5 2. Nf3 d6 3. d4 cxd4 4. Nxd4 Nf6 5. Nc3 a6 6. Bc4 e6 7. Bb3 Nbd7 8. f4
Nc5 9. f5 Be7 10. Qf3 e5 11. Nde2 b5 12. Bg5 Rb8 13. Bxf6 Bxf6 14. O-O a5 15.
Ng3 a4 16. Bd5 b4 17. Bc6+ Bd7 18. Bxd7+ Nxd7 19. Nd5 Nb6 20. Nxf6+ gxf6 21.
Rad1 Nc4 22. b3 Qb6+ 23. Rf2 Ne3 24. Rdd2 Rg8 25. h3 Rc8 26. Kh2 Rc3 27. Rd3
Rxd3 28. cxd3 Nd1 29. Rc2 Nc3 30. Ne2 axb3 31. axb3 Qc5 32. Rc1 Ke7 33. Ra1 Rc8
34. Ng3 Rc7 35. Nh5 Ra7 36. Rxa7+ Qxa7 37. Qg3 Ne2 38. Qe1 Nc3 39. Qh4 Ne2 40.
Qxf6+ Ke8 41. Ng7+ Kf8 42. Ne6+ 1-0

[Event "ch-European Rapid 2013"]
[Site "Warsaw POL"]
[Date "2013.12.15"]
[Round "9.44"]
[White "Iwanow, Anna"]
[Black "Putka, Verners"]
[Result "0-1"]
[WhiteTitle "WIM"]
[WhiteElo "2208"]
[BlackElo "2323"]
[WhiteFideId "1135988"]
[BlackFideId "11600659"]
[EventDate "2013.12.14"]

1. e4 e5 2. Nf3 Nf6 3. Nxe5 d6 4. Nf3 Nxe4 5. d4 d5 6. Bd3 Nc6 7. Nc3 f5 8. O-O
Be7 9. Bf4 Be6 10. Re1 O-O 11. Ne2 Bf6 12. Ne5 Bxe5 13. Bxe5 Nxe5 14. dxe5 Qh4
15. f3 Qf2+ 16. Kh1 Qb6 17. fxe4 fxe4 18. c3 exd3 19. Qxd3 Rf2 20. b4 Raf8 21.
Nd4 Bg4 22. e6 Qd6 23. Kg1 R2f6 24. e7 Re8 25. Nb5 Qd7 26. Re3 Bf5 27. Qe2 Be4
28. c4 c6 29. Nc3 Rxe7 30. cxd5 cxd5 31. Nxe4 dxe4 32. Rxe4 Rxe4 33. Qxe4 Re6
34. Qc4 b5 35. Qb3 Qd4+ 0-1

[Event "ch-European Rapid 2013"]
[Site "Warsaw POL"]
[Date "2013.12.15"]
[Round "9.46"]
[White "Marechal, Andy"]
[Black "Plonczak, Dominik"]
[Result "1/2-1/2"]
[WhiteTitle "FM"]
[WhiteElo "2356"]
[BlackElo "2216"]
[WhiteFideId "202355"]
[BlackFideId "1132997"]
[EventDate "2013.12.14"]

1. e4 d5 2. exd5 Qxd5 3. Nc3 Qd6 4. d4 Nf6 5. Nf3 a6 6. g3 b5 7. Bg2 Bb7 8. O-O
e6 9. Re1 Nbd7 10. a4 b4 11. Bf4 Qb6 12. a5 Qa7 13. Na4 Bd5 14. Ne5 Bxg2 15.
Kxg2 Qb7+ 16. Qf3 Qxf3+ 17. Kxf3 Nd5 18. Bd2 Nxe5+ 19. dxe5 Be7 20. c4 bxc3 21.
bxc3 O-O 22. Rab1 Rab8 23. Red1 Rfc8 24. Ke2 Kf8 25. Be1 Ke8 26. h4 h5 27. Bd2
g6 28. Be3 1/2-1/2

[Event "ch-European Rapid 2013"]
[Site "Warsaw POL"]
[Date "2013.12.15"]
[Round "9.47"]
[White "Mirski, Stanislaw"]
[Black "Beinoras, Mindaugas"]
[Result "0-1"]
[BlackTitle "IM"]
[WhiteElo "2139"]
[BlackElo "2404"]
[WhiteFideId "1122118"]
[BlackFideId "12802085"]
[EventDate "2013.12.14"]

1. d4 d5 2. c4 c6 3. Nc3 dxc4 4. a4 e5 5. e3 exd4 6. exd4 Be6 7. Nf3 Nf6 8. Ne5
Be7 9. Bxc4 Bxc4 10. Nxc4 O-O 11. O-O Na6 12. a5 Qc7 13. Qf3 Rad8 14. Rd1 Nd5
15. Ne4 h6 16. b3 Nab4 17. Ng3 Bg5 18. Bxg5 hxg5 19. Ne5 Nf4 20. Nf5 Nc2 21. g3
f6 22. Nc4 Nxa1 23. gxf4 Nc2 24. Qe4 Rfe8 25. Qxc2 Qxf4 26. Nce3 g6 27. Qc4+ Kh8
28. Ng3 Rd7 29. d5 Red8 30. Rd4 Qe5 31. d6 Kg7 32. Re4 Qxa5 33. Re7+ Rxe7 34.
dxe7 Re8 35. Qe6 Qa1+ 36. Kg2 Qe5 37. Qxe5 fxe5 38. Kf3 Rxe7 39. Ke4 Rf7 40. Nh1
Kf6 41. h3 Ke6 42. Ng4 Rf4+ 43. Kd3 Rf3+ 44. Kc4 Rxh3 45. Ng3 Rh4 46. f3 Rh3 47.
Ne4 Kf5 48. Nd6+ Kf4 49. Nxb7 Rxf3 50. Nf6 g4 51. Nc5 g3 52. Nd3+ Rxd3 53. Kxd3
g2 0-1

[Event "ch-European Rapid 2013"]
[Site "Warsaw POL"]
[Date "2013.12.15"]
[Round "9.48"]
[White "Klekowski, Maciej"]
[Black "Kopczyk, Daniel"]
[Result "1-0"]
[WhiteElo "2402"]
[BlackElo "2174"]
[WhiteFideId "1132717"]
[BlackFideId "1116762"]
[EventDate "2013.12.14"]

1. c4 e5 2. g3 Nc6 3. Bg2 Nf6 4. a3 a5 5. Nc3 Bc5 6. e3 O-O 7. Nge2 d6 8. O-O
Bf5 9. d3 Qd7 10. b3 Rfe8 11. Bb2 Bh3 12. Qd2 Bxg2 13. Kxg2 d5 14. Na4 Bd6 15.
c5 Bf8 16. h3 Qe6 17. Qc2 Ne7 18. e4 Ng6 19. Rae1 Qc6 20. Nac3 dxe4 21. dxe4
Bxc5 22. f3 Bb6 23. Rc1 Be3 24. Rcd1 Rad8 25. Rd3 Bb6 26. Qd2 Rxd3 27. Qxd3 h5
28. h4 Qe6 29. Na4 Ne7 30. Nxb6 cxb6 31. Rd1 Nc6 32. Qb5 Nd7 33. Rd5 Rc8 34. Bc3
Rc7 35. Be1 Na7 36. Qd3 Nc5 37. Qd1 Nc6 38. Bf2 Nd7 39. Nc3 Nf6 40. Rd6 Qe8 41.
Bxb6 Rc8 42. Nb5 Kh7 43. Qd3 Ne7 44. Nc7 Qf8 45. Bxa5 Nc6 46. Bb6 Nd4 47. Rxd4
exd4 48. e5+ g6 49. exf6 Qd6 50. Ba5 Qxa3 51. Qc4 Kg8 52. Qd5 d3 1-0